| 000 | 01021cam a2200253 4500 | ||
|---|---|---|---|
| 001 | sa 68011803 | ||
| 003 | DLC | ||
| 005 | 20260227112604.0 | ||
| 008 | 691104m19599999ii 000 0 eng | ||
| 010 | _asa 68011803 | ||
| 040 |
_aDLC _cDLC _dDLC |
||
| 043 | _aa-ii--- | ||
| 050 | 0 | 0 |
_aHC437.M3 _bA5422 |
| 082 | 0 | 0 | _a338.954/82 |
| 110 | 1 |
_aMadras (State). _bDirector of Information and Publicity. |
|
| 245 | 1 | 4 | _aThe second plan, Madras State. |
| 260 |
_a[Madras] _c1959- |
||
| 300 |
_av. _c25-33 cm. |
||
| 500 | _aVol. 5 has title: Second five-year plan, Madras State. | ||
| 500 | _aVol. 5 issued by Madras (State) Finance (Planning and Development) Dept. | ||
| 505 | 1 | _a[3] Review of progress for 1956-57 and 1957-58 and programme for 1958-59.--[5] Review of progress for the first four years, 1956-57 to 1959-60, and the programme for the fifth year 1960-1961. | |
| 651 | 0 |
_aTamil Nadu (India) _xEconomic policy. |
|
| 710 | 1 |
_aMadras (India : State). _bFinance Department. _tSecond five-year plan, Madras State. |
|
| 999 |
_c84118 _d84118 |
||